De los contratos
Na minha lista:
| Autor principal: | |
|---|---|
| Formato: | Livro |
| Idioma: | espanhol |
| Publicado em: |
Santiago
Jurídica de Chile
1994
|
| Assuntos: | |
| Tags: |
Adicionar Tag
Sem tags, seja o primeiro a adicionar uma tag!
|
MARC
| LEADER | 00000nam a2200000 a 4500 | ||
|---|---|---|---|
| 001 | UCY2544 | ||
| 003 | CL-VaPUC | ||
| 008 | 941102e19940000CL |||||||||||||||||spa|d | ||
| 020 | |a 9561015587 | ||
| 082 | 0 | 4 | |a 346.02 |b ALE |2 21 |
| 100 | |a Alessandri Rodríguez, Arturo |e autor |9 605353 | ||
| 245 | 1 | 0 | |a De los contratos |
| 300 | |a 223 p | ||
| 942 | |c BK | ||
| 945 | |d 19941102 00:00:00 |a mfernand | ||
| 260 | |a Santiago |b Jurídica de Chile |c 1994 | ||
| 650 | 0 | |a Contratos |9 255153 | |
| 651 | 7 | |a CHILE |2 CL-VaPUC |9 330578 | |
| 583 | |a last modification |c 19941102 00:00:00 |k Rodrigo Vera | ||
| 999 | |c 230920 |d 230918 | ||
| 952 | |0 0 |1 0 |4 0 |6 346_020000000000000_ALE_1994 |7 0 |8 A |9 233564 |a BIBDER |b BIBDER |d 2019-11-15 |i 3028445 |o 346.02 ALE 1994 |p 3028445 |r 2023-01-25 |w 2019-11-15 |y BK |k DER | ||
| 952 | |0 0 |1 0 |4 0 |6 346_020000000000000_ALE_1994 |7 0 |8 A |9 233565 |a BIBDER |b BIBDER |d 2019-11-15 |i 3067696 |l 1 |o 346.02 ALE 1994 |p 3067696 |r 2023-01-25 |s 2022-05-26 |w 2019-11-15 |y BK |k DER | ||
| 952 | |0 0 |1 0 |4 0 |6 346_020000000000000_ALE_1994 |7 0 |8 A |9 233566 |a BIBDER |b BIBDER |d 2019-11-15 |i 3210626 |l 3 |o 346.02 ALE 1994 |p 3210626 |r 2023-11-21 |s 2023-11-21 |w 2019-11-15 |y BK |k DER | ||
| 952 | |0 0 |1 0 |4 0 |6 346_020000000000000_ALE_1994 |7 0 |8 A |9 233567 |a BIBDER |b BIBDER |d 2019-11-15 |i 4097432 |l 5 |m 1 |o 346.02 ALE 1994 |p 4097432 |r 2024-10-29 |s 2024-10-29 |w 2019-11-15 |y BK |k DER | ||
| 952 | |0 0 |1 0 |4 0 |6 346_020000000000000_ALE_1994 |7 0 |8 A |9 233568 |a BIBDER |b BIBDER |d 2019-11-15 |i 4508785 |l 5 |m 1 |o 346.02 ALE 1994 |p 4508785 |r 2023-04-05 |s 2023-04-03 |w 2019-11-15 |y BK |k DER | ||